Mecánica elemental: complementos para su enseñanza y estudio
Shranjeno v:
| Glavni avtor: | |
|---|---|
| Format: | Knjiga |
| Jezik: | španščina |
| Izdano: |
Buenos Aires
EUDEBA
1966
|
| Izdaja: | 2a. ed |
| Serija: | Ediciones Previas. Física
|
| Teme: | |
| Oznake: |
Označite
Brez oznak, prvi označite!
|
MARC
| LEADER | 00000nam a2200000 a 4500 | ||
|---|---|---|---|
| 001 | UCP1120 | ||
| 003 | CL-VaPUC | ||
| 008 | 990326e19660700AG |||||||||||||||||spa|d | ||
| 082 | 0 | 4 | |a 531 |b ROE |2 21 |
| 100 | 0 | |a Roederer, Juan G |e author |9 426938 | |
| 245 | 1 | 0 | |a Mecánica elemental: complementos para su enseñanza y estudio |
| 250 | |a 2a. ed | ||
| 300 | |a 283 p | ||
| 942 | |c BK | ||
| 945 | |d 19990326 00:00:00 |a lriquelm | ||
| 260 | |a Buenos Aires |b EUDEBA |c 1966 | ||
| 650 | 0 | |a Mecánica |9 260096 | |
| 650 | 0 | |a Física |9 227844 | |
| 650 | 0 | |a Cinemática |9 260942 | |
| 650 | 0 | |a Movimiento |9 322237 | |
| 650 | 0 | |a Dinámica |9 260136 | |
| 650 | 0 | |a Viscosidad |9 260583 | |
| 583 | |a last modification |c 19990326 00:00:00 |k Rodrigo Vera | ||
| 490 | 0 | |a Ediciones Previas. Física | |
| 999 | |c 279832 |d 279830 | ||
| 952 | |0 0 |1 0 |4 0 |6 531_000000000000000_ROE_1966 |7 0 |8 A |9 319652 |a BIBMEC |b BIBMEC |d 2019-11-20 |i 1335642 |o 531 ROE 1966 |p 1335642 |r 2024-01-19 |w 2019-11-20 |y BK |k MEC | ||